Norma chilena oficial: albañilería armada
Uloženo v:
| Korporativní autor: | |
|---|---|
| Médium: | Kniha |
| Jazyk: | španělština |
| Vydáno: |
Santiago
Instituto Nacional de Normalización
1993
|
| Témata: | |
| Tagy: |
Přidat tag
Žádné tagy, Buďte první, kdo vytvoří štítek k tomuto záznamu!
|
MARC
| LEADER | 00000nam a2200000 a 4500 | ||
|---|---|---|---|
| 001 | UCT9027 | ||
| 003 | CL-VaPUC | ||
| 008 | 970404e19930000CL |||||||||||||||||spa|d | ||
| 082 | 0 | 4 | |a 693.1 |b INS |2 21 |
| 110 | 2 | |a Instituto Nacional de Normalización |e author |9 381377 | |
| 245 | 1 | 0 | |a Norma chilena oficial: albañilería armada |
| 246 | 1 | 0 | |a Requisitos para el diseño y cálculo |
| 300 | |a pág. irreg | ||
| 942 | |c BK | ||
| 945 | |d 19970404 00:00:00 |a amoreno | ||
| 260 | |a Santiago |b Instituto Nacional de Normalización |c 1993 | ||
| 650 | 0 | |a Albañilería |9 262730 | |
| 650 | 0 | |a Albañilería reforzada |9 330464 | |
| 650 | 0 | |a Albañilería armada |9 381378 | |
| 650 | 7 | |a NORMAS |2 CL-VaPUC |9 259606 | |
| 650 | 7 | |a CALCULO ESTRUCTURAL |2 CL-VaPUC |9 381379 | |
| 650 | 7 | |a CALCULOS DE DISEÑO |2 CL-VaPUC |9 381380 | |
| 650 | 0 | |a Construcción |9 260195 | |
| 650 | 0 | |a Estructuras |9 271908 | |
| 650 | 0 | |a Diseño de estructuras |9 260345 | |
| 650 | 7 | |a REQUISITOS |2 CL-VaPUC |9 381381 | |
| 583 | |a last modification |c 19970404 00:00:00 |k Rodrigo Vera | ||
| 999 | |c 257486 |d 257484 | ||
| 952 | |0 0 |1 0 |4 0 |6 693_100000000000000_INS_1993 |7 0 |8 X |9 280976 |a BIBING |b BIBING |d 2019-11-19 |i 328901K |o 693.1 INS 1993 |p 328901K |r 2025-01-20 |w 2019-11-19 |y BK_X |k CCL | ||